Finn Wolfhard - Objection! Lyrics - Statistics

General Stats
  • This quiz has been taken 13 times
  • The average score is 133 of 180
Answer Stats
Answer % Correct
I
100%
the
100%
The
100%
you
100%
a
90%
is
90%
on
90%
so
90%
So
90%
To
90%
to
90%
what
90%
all
80%
do?
80%
do,
80%
it
80%
me?
80%
me
80%
of
80%
that
80%
and
70%
And
70%
by
70%
don't
70%
fall,
70%
fall
70%
hate
70%
How
70%
It's
70%
it's
70%
just
70%
object
70%
snow
70%
starting
70%
that's
70%
time
70%
Waterloo
70%
are
60%
back
60%
bar
60%
brew
60%
circling
60%
coat
60%
day
60%
first
60%
from
60%
happines
60%
happiness
60%
have
60%
heard
60%
make
60%
much?
60%
places
60%
Set
60%
soaked
60%
style
60%
type
60%
witches
60%
Alright
50%
being
50%
booming
50%
consuming
50%
did
50%
faces,
50%
faces
50%
felt
50%
for
50%
know
50%
led
50%
many
50%
rest
50%
test
50%
times?
50%
voice
50%
weren't
50%
wind
50%
curses
30%
No matching quizzes found
Score Distribution
Percent of People with Each Score
Percentile by Number Answered
Your Score History
You have not taken this quiz